000 00917nam a2200241Ia 4500
003 OSt
005 20220923213229.0
006 a|||||r|||| 00| 0
007 ta
008 220922b |||||||| |||| 00| 0 hin d
024 _a160,048
037 _cTextual
040 _aARTS
_cARTS
_bhin
041 _2hin
_ahin
082 _aO152,1:g(S:55), J8
100 _aखण्डेलवाल, रामेश्वरलाल
245 0 _aआघुनिक हिन्दी कविता मे प्रेम और सौन्दर्य
246 _aĀghunik hindī kavitā me prem aur saundarya
260 _aदिल्ली
_b नेशनल पब्लिशिंग
_c1958
650 _aहिन्दी साहित्य
_9156264
942 _hO152,1:g(S:55), J8
_cTEXL
_2CC
999 _c314795
_d314795